LEADER 04510nam 22005292 450 001 9910807473703321 005 20240102112637.0 010 $a9781856049849 010 $a1-85604-565-X 010 $a1-306-34228-7 035 $a(CKB)2550000001186108 035 $a(EBL)1597147 035 $a(OCoLC)868270501 035 $a(SSID)ssj0001114270 035 $a(PQKBManifestationID)12411161 035 $a(PQKBTitleCode)TC0001114270 035 $a(PQKBWorkID)11055428 035 $a(PQKB)10765886 035 $a(MiAaPQ)EBC1597147 035 $a(UkCbUP)CR9781856049849 035 $a(EXLCZ)992550000001186108 100 $a20180524d2006|||| uy| 0 101 0 $aeng 135 $aur||||||||||| 181 $ctxt$2rdacontent 182 $cc$2rdamedia 183 $acr$2rdacarrier 200 10$aEssential thesaurus construction /$fVanda Broughton$b[electronic resource] 210 1$aLondon :$cFacet,$d2006. 215 $a1 online resource (v, 296 pages) $cdigital, PDF file(s) 300 $aTitle from publisher's bibliographic system (viewed on 05 Jul 2018). 320 $aIncludes bibliographical references and index. 327 $aIntroduction -- What is a thesaurus? -- Tools for subject access and retrieval -- What a thesaurus is used for -- Why use a thesaurus? -- Types of thesaurus -- The format of a thesaurus -- Building a thesaurus I : vocabulary collection -- Vocabulary control 1 : selection of terms -- Vocabulary control 2 : form of entry -- Building a thesaurus 2 : term extraction from document titles -- Building a thesaurus 3 : vocabulary analysis -- The thesaural relationships -- Building a thesaurus 4 : introducing internal structure -- Building a thesaurus 5 : imposing hierarchy -- Building a thesaurus 6 : compound subjects and citation order -- Building a thesaurus 7 : conversion of the taxonomy to alphabetical format -- Building a thesaurus 8 : creating the thesaurus records -- Managing and maintaining the thesaurus : thesaurus software -- Conclusion -- Glossary -- Bibliography -- Appendix 1. Sample titles for thesaurus vocabulary -- Appendix 2. Sample terms for the thesaurus -- Appendix 3. Facets at stage 1 of analysis -- Appendix 4. Facets at stage 2 of analysis -- Appendix 5. Completed systematic display -- Appendix 6. Thesaurus entries for sample page. 330 $aMany information professionals working in small units today fail to find the published tools for subject-based organization that are appropriate to their local needs, whether they are archivists, special librarians, information officers, or knowledge or content managers. Large established standards for document description and organization are too unwieldy, unnecessarily detailed, or too expensive to install and maintain. In other cases the available systems are insufficient for a specialist environment, or don't bring things together in a helpful way. A purpose built, in-house system would seem to be the answer, but too often the skills necessary to create one are lacking. This practical text examines the criteria relevant to the selection of a subject-management system, describes the characteristics of some common types of subject tool, and takes the novice step by step through the process of creating a system for a specialist environment. The methodology employed is a standard technique for the building of a thesaurus that incidentally creates a compatible classification or taxonomy, both of which may be used in a variety of ways for document or information management. Key areas covered are: What is a thesaurus? Tools for subject access and retrieval; what a thesaurus is used for? Why use a thesaurus? Examples of thesauri; the structure of a thesaurus; thesaural relationships; practical thesaurus construction; the vocabulary of the thesaurus; building the systematic structure; conversion to alphabetic format; forms of entry in the thesaurus; maintaining the thesaurus; thesaurus software; and; the wider environment. Essential for the practising information professional, this guide is also valuable for students of library and information science. 606 $aSubject headings 606 $aSubject cataloging 615 0$aSubject headings. 615 0$aSubject cataloging. 676 $a025.4/7 686 $a06.72$2bcl 700 $aBroughton$b Vanda$0503378 801 0$bUkCbUP 801 1$bUkCbUP 906 $aBOOK 912 $a9910807473703321 996 $aEssential thesaurus construction$925685 997 $aUNINA LEADER 04522nam 22006974a 450 001 9911019704803321 005 20200520144314.0 010 $a9786610274062 010 $a9781280274060 010 $a1280274069 010 $a9780470871614 010 $a047087161X 010 $a9780470871621 010 $a0470871628 035 $a(CKB)111087027098534 035 $a(EBL)219736 035 $a(SSID)ssj0000161463 035 $a(PQKBManifestationID)11183409 035 $a(PQKBTitleCode)TC0000161463 035 $a(PQKBWorkID)10199258 035 $a(PQKB)10363702 035 $a(MiAaPQ)EBC219736 035 $a(OCoLC)54511024 035 $a(Perlego)2760826 035 $a(EXLCZ)99111087027098534 100 $a20030724d2003 uy 0 101 0 $aeng 135 $aur|n|---||||| 181 $ctxt 182 $cc 183 $acr 200 00$aGeneration and effector functions of regulatory lymphocytes /$f[editors, Gregory Bock and Jamie Goode] 210 $aHoboken, N.J. $cWiley$dc2003 215 $a1 online resource (327 p.) 225 1 $aNovartis Foundation symposium ;$v252 300 $aDescription based upon print version of record. 311 08$a9780470850749 311 08$a0470850744 320 $aIncludes bibliographical references and index. 327 $aGENERATION AND EFFECTOR FUNCTIONS OF REGULATORY LYMPHOCYTES; Contents; Participants; Chair's introduction; Thymic generation and selection of CD25(+)CD4(+) regulatory T cells: implications of their broad repertoire and high self-reactivity for the maintenance of immunological self-tolerance; Discussion; Control of T cell activation by CD4(+)CD25(+) suppressor T cells; Discussion; Regulation of experimental autoimmune encephalomyelitis (EAE) by CD4(+)CD25(+) regulatory T cells; Discussion; The role of CD28 and CTLA4 in the function and homeostasis of CD4(+)CD25(+) regulatory T cells 327 $aDiscussionCD4(+)CD25(+) regulatory cells from human peripheral blood express very high levels of CD25 ex vivo; Discussion; Control of immune pathology by regulatory T cells; Discussion; General discussion I TGFB; Type 1 T regulatory cells and their relationship with CD4(+)CD25(+) T regulatory cells; Discussion; (PRO)insulin-specific regulatory T cells; Discussion; CD1d-restricted NKT regulatory cells: functional genomic analyses provide new insights into the mechanisms of protection against Type 1 diabetes; Discussion 327 $aSeven surprises in the TCR-centred regulation of immune responsiveness in an autoimmune systemDiscussion; Regulatory cells in transplantation; Discussion; CD4(+) regulatory T cells in chronic viral infection; Discussion; General discussion II; Modulation of T cell responses after cross-talk between antigen presenting cells and T cells: a give-and-take relationship; Discussion; Dendritic cells: controllers of the immune system and a new promise for immunotherapy; Discussion; Regulation of viral and autoimmune responses; Discussion; General discussion III Active immune regulation 327 $aNotch signalling in the peripheral immune systemDiscussion; CD3 antibody treatment stimulates the functional capability of regulatory T cells; Discussion; The role of dendritic cells in regulating mucosal immunity and tolerance; Discussion; Index of contributors; Subject index 330 $aOver the last several years, immunologists have re-discovered the importance of regulatory lymphocytes, formerly termed 'suppressor cells'. Many recent reports have documented their existence, effector functions and potential therapeutic benefits in autoimmunity and transplantation. However, even though modern techniques have allowed us to get a much more detailed picture of these cells, they are still highly controversial. Several unresolved issues responsible for this dilemma are discussed in this book: it is difficult to grow and clone such cells, their phenotypes and effector functions are 410 0$aNovartis Foundation symposium ;$v252. 606 $aLymphocytes 606 $aT cells 606 $aImmune response$xRegulation 615 0$aLymphocytes. 615 0$aT cells. 615 0$aImmune response$xRegulation. 676 $a571.9/6 701 $aBock$b Gregory$0322650 701 $aGoode$b Jamie$0283336 801 0$bMiAaPQ 801 1$bMiAaPQ 801 2$bMiAaPQ 906 $aBOOK 912 $a9911019704803321 996 $aGeneration and effector functions of regulatory lymphocytes$94417569 997 $aUNINA